00555nam a2200193Ia 4500008004100000100002100041245011200062260001100174300001900185440002600204521000900230650001100239650001400250650001500264650002700279650001700306650002200323650001600345140626s9999 xx 000 0 und d aZyphur, Michael. aBayesian probability and statistics in management research :b a new horizon /cMichael Zyphur... [et al.]. cc2013. a39 : 1, page 5 aJournal of Management aBSBA aBayes. aBayesian. aFrequents. aPhilosophy of science. aProbability. aResearch methods. aStatistics.